[Event "PNWCC President Day RR"]
[Site "Redmond WA USA"]
[Date "2022.02.18"]
[Round "3.2"]
[White "Mei, Austin"]
[Black "Plotkin, Mark"]
[Result "0-1"]
[WhiteElo "2304"]
[BlackElo "2400"]
[PlyCount "92"]
[EventDate "2022.02.17"]
[EventType "tourn"]
[EventRounds "9"]
[EventCountry "USA"]
[EventCategory "8"]
[Source "Mark Crowther"]
[SourceDate "2022.02.28"]

1. e4 c5 2. Nf3 e6 3. g3 Nc6 4. Bg2 Nf6 5. Qe2 d5 6. e5 Nd7 7. d3 Qc7 8. Bf4 h6
9. h4 b6 10. c4 d4 11. O-O Bb7 12. g4 g5 13. hxg5 hxg5 14. Bg3 Be7 15. Nbd2
O-O-O 16. Ne4 Rdg8 17. Rfe1 Ndxe5 18. Nxe5 Nxe5 19. Nxc5 Bxg2 20. Kxg2 Qc6+ 21.
Qe4 Qxe4+ 22. Rxe4 Nxg4 23. Nxe6 Nf6 24. Nxd4 Nxe4 25. dxe4 Bc5 26. Nb5 Kb7 27.
Rb1 Rd8 28. b4 Be7 29. c5 Rd3 30. Bd6 a6 31. Bxe7 axb5 32. Rb3 Rxb3 33. axb3
Re8 34. Bd6 Rxe4 35. f3 Re3 36. cxb6 Rxb3 37. Bc5 f5 38. Kf2 Rc3 39. Be7 g4 40.
fxg4 fxg4 41. Bd8 Rc4 42. Be7 Kxb6 43. Kg3 Kc6 44. Bf8 Kd5 45. Be7 Re4 46. Bc5
Kc4 0-1

[Event "PNWCC President Day RR"]
[Site "Redmond WA USA"]
[Date "2022.02.19"]
[Round "4.5"]
[White "Plotkin, Mark"]
[Black "Stearman, Josiah"]
[Result "1/2-1/2"]
[WhiteElo "2400"]
[BlackElo "2392"]
[PlyCount "153"]
[EventDate "2022.02.17"]
[EventType "tourn"]
[EventRounds "9"]
[EventCountry "USA"]
[EventCategory "8"]
[Source "Mark Crowther"]
[SourceDate "2022.02.28"]

1. b3 d5 2. Bb2 c5 3. f4 Nc6 4. e3 a6 5. Nf3 Nf6 6. d4 Bf5 7. Bd3 Bxd3 8. cxd3
e6 9. O-O cxd4 10. Nxd4 Bc5 11. Nc2 a5 12. Qe1 d4 13. e4 e5 14. fxe5 Nxe5 15.
Qg3 Ng6 16. Rf5 Rc8 17. Nba3 O-O 18. Nb5 Qb6 19. a4 Rfd8 20. Raf1 Bd6 21. Qf2
Bxh2+ 22. Kh1 Ng4 23. Qe2 N6e5 24. Rh5 Qg6 25. Rxh2 Nxh2 26. Kxh2 Ng4+ 27. Kg1
Qh5 28. g3 Qh3 29. Nbxd4 Qxg3+ 30. Qg2 Qxg2+ 31. Kxg2 Ne5 32. Rd1 Nxd3 33. Rb1
Nc5 34. Ne3 Nxe4 35. Ndf5 Rd2+ 36. Kf3 Re8 37. Bxg7 Rf2+ 38. Kg4 h5+ 39. Kxh5
Rf3 40. Bd4 Rh3+ 41. Kg4 Nf2+ 42. Kg5 Re6 43. Nc4 Rg6+ 44. Kf4 Nd3+ 45. Ke4
Re6+ 46. Kd5 Nf4+ 47. Kc5 Rh5 48. Ncd6 Rxd6 49. Kxd6 Rxf5 50. Bb6 Rf6+ 51. Kc5
Nd3+ 52. Kb5 Rf5+ 53. Kc4 Ne5+ 54. Kd4 Nc6+ 55. Ke4 Re5+ 56. Kf4 f6 57. Rd1 Kf7
58. Rd7+ Re7 59. Rd5 Ke6 60. Rb5 Rh7 61. Kg3 Rg7+ 62. Kf4 Rh7 63. Kg3 Rd7 64.
Kf4 Rd5 65. Bc5 f5 66. Bb6 Rxb5 67. axb5 Nb4 68. Bxa5 Nd5+ 69. Kf3 Kd6 70. Bd8
Kc5 71. b6 Kb4 72. Kg3 Kxb3 73. Kh4 Kc4 74. Kg5 f4 75. Kg4 Kc5 76. Kf3 Kc6 77.
Bh4 1/2-1/2

[Event "PNWCC President Day RR"]
[Site "Redmond WA USA"]
[Date "2022.02.19"]
[Round "5.3"]
[White "Martinez Alcantara, Jose Eduardo"]
[Black "Plotkin, Mark"]
[Result "1-0"]
[WhiteElo "2598"]
[BlackElo "2400"]
[PlyCount "72"]
[EventDate "2022.02.17"]
[EventType "tourn"]
[EventRounds "9"]
[EventCountry "USA"]
[EventCategory "8"]
[Source "Mark Crowther"]
[SourceDate "2022.02.28"]

1. e4 e5 2. Nf3 Nc6 3. Bb5 a6 4. Ba4 Nf6 5. d3 d6 6. c3 g6 7. Be3 Bg7 8. Nbd2
O-O 9. O-O Nh5 10. d4 Bd7 11. Re1 h6 12. dxe5 dxe5 13. b4 Nf4 14. Qc2 Qf6 15.
g3 Nh3+ 16. Kg2 g5 17. Bb3 Ne7 18. Ng1 Nxg1 19. Kxg1 Rad8 20. Qd1 Bc6 21. Qe2
Nc8 22. f3 Nd6 23. g4 Qg6 24. h3 h5 25. a4 Kh8 26. c4 Nc8 27. b5 Bd7 28. Nf1 h4
29. Bc5 Rfe8 30. Ne3 Be6 31. bxa6 bxa6 32. Nd5 Rd7 33. a5 c6 34. Ba4 Na7 35.
Qe3 Nb5 36. cxb5 cxd5 1-0

[Event "PNWCC President Day RR"]
[Site "Redmond WA USA"]
[Date "2022.02.20"]
[Round "6.2"]
[White "Plotkin, Mark"]
[Black "Mista, A."]
[Result "0-1"]
[WhiteElo "2400"]
[BlackElo "2551"]
[PlyCount "64"]
[EventDate "2022.02.17"]
[EventType "tourn"]
[EventRounds "9"]
[EventCountry "USA"]
[EventCategory "8"]
[Source "Mark Crowther"]
[SourceDate "2022.02.28"]

1. e4 e5 2. Nf3 Nc6 3. c3 Nf6 4. d4 Nxe4 5. d5 Bc5 6. dxc6 Bxf2+ 7. Ke2 Bb6 8.
Qd5 Nf2 9. Rg1 O-O 10. cxb7 Bxb7 11. Qxb7 Qf6 12. Nbd2 e4 13. Nd4 Bxd4 14. cxd4
Ng4 15. Nxe4 Qxd4 16. Bf4 Rab8 17. Rd1 Qxg1 18. Qxc7 Rxb2+ 19. Kf3 Rxg2 20.
Bxg2 Qxd1+ 21. Kg3 f5 22. Nf2 Qe1 23. Qc4+ Kh8 24. Qf1 Qe6 25. Nxg4 fxg4 26.
Qf2 h5 27. Qe3 Qxa2 28. Be5 Rf7 29. Be4 Qe6 30. Qg5 Qb3+ 31. Kg2 Qh3+ 32. Kg1
Rf1# 0-1

[Event "PNWCC President Day RR"]
[Site "Redmond WA USA"]
[Date "2022.02.20"]
[Round "7.5"]
[White "He, Anthony"]
[Black "Plotkin, Mark"]
[Result "1/2-1/2"]
[WhiteElo "2437"]
[BlackElo "2400"]
[PlyCount "40"]
[EventDate "2022.02.17"]
[EventType "tourn"]
[EventRounds "9"]
[EventCountry "USA"]
[EventCategory "8"]
[Source "Mark Crowther"]
[SourceDate "2022.02.28"]

1. e4 e5 2. Nf3 Nf6 3. Nxe5 d6 4. Nc4 Nxe4 5. Qe2 d5 6. d3 Be6 7. dxe4 dxc4 8.
Be3 Nc6 9. f4 Qf6 10. c3 O-O-O 11. Qc2 Bd6 12. Qf2 Rhe8 13. Nd2 Nb4 14. O-O-O
Nxa2+ 15. Kc2 b5 16. Ra1 b4 17. Rxa2 b3+ 18. Kb1 bxa2+ 19. Kxa2 g5 20. g3 gxf4
1/2-1/2

[Event "PNWCC President Day RR"]
[Site "Redmond WA USA"]
[Date "2022.02.21"]
[Round "9.2"]
[White "Lee, Micha"]
[Black "Plotkin, Mark"]
[Result "1/2-1/2"]
[WhiteElo "2379"]
[BlackElo "2400"]
[PlyCount "159"]
[EventDate "2022.02.17"]
[EventType "tourn"]
[EventRounds "9"]
[EventCountry "USA"]
[EventCategory "8"]
[Source "Mark Crowther"]
[SourceDate "2022.02.28"]

1. d4 Nf6 2. c4 d6 3. Nc3 e5 4. Nf3 Nbd7 5. g3 Be7 6. Bg2 O-O 7. O-O c6 8. Qc2
Qc7 9. b3 Re8 10. Bb2 Bf8 11. Rac1 a5 12. e3 Qb8 13. Rfd1 Ra6 14. Ne1 h5 15. h3
a4 16. Nxa4 e4 17. d5 Ne5 18. Nc3 Bf5 19. f4 Nd3 20. Nxd3 exd3 21. Qf2 cxd5 22.
cxd5 b5 23. b4 Be7 24. Kh2 Bd8 25. Re1 Ne4 26. Nxe4 Bxe4 27. Bxe4 Rxe4 28. a3
Qb7 29. Qd2 Qxd5 30. Rc3 Rc6 31. Rxc6 Qxc6 32. Qxd3 Bb6 33. Re2 d5 34. Bd4 Bxd4
35. exd4 Qc4 36. Qxc4 bxc4 37. Rxe4 dxe4 38. b5 e3 39. b6 e2 40. b7 e1=Q 41.
b8=Q+ Kh7 42. Qb5 Qf2+ 43. Kh1 Qxg3 44. Qxc4 Qxh3+ 45. Kg1 Qg3+ 46. Kh1 Qxf4
47. Qd3+ Kg8 48. d5 Kf8 49. d6 Qh4+ 50. Kg2 Qg5+ 51. Kh1 Ke8 52. Qc4 Kd7 53.
Qxf7+ Kxd6 54. Qf8+ Kc7 55. Qf7+ Kb6 56. Qb3+ Qb5 57. Qe3+ Qc5 58. Qb3+ Ka5 59.
Qb7 Qc1+ 60. Kg2 Qg5+ 61. Kh1 Qh4+ 62. Kg2 Qg4+ 63. Kh1 h4 64. Qa7+ Kb5 65. a4+
Kb4 66. a5 h3 67. Qb6+ Ka4 68. Qc6+ Kxa5 69. Qc3+ Kb5 70. Qg3 Qd7 71. Kh2 Kc6
72. Qxh3 Qd6+ 73. Qg3 Qf6 74. Kg2 Kd5 75. Qf3+ Ke5 76. Qe3+ Kf5 77. Qd3+ Kg5
78. Qd5+ Qf5 79. Qd8+ Kg4 80. Qd4+ 1/2-1/2

[Event "4NCL Congress"]
[Site "Harrogate ENG"]
[Date "2022.12.18"]
[Round "1.31"]
[White "Plotkin, Mark"]
[Black "Javidfar, Alma"]
[Result "1-0"]
[WhiteElo "2369"]
[BlackElo "2000"]
[PlyCount "51"]
[EventDate "2022.01.21"]
[EventType "swiss"]
[EventRounds "5"]
[EventCountry "ENG"]
[Source "ChessMix"]
[SourceDate "2023.01.01"]

1. c4 e6 2. Nc3 d5 3. d4 c6 4. e4 Bb4 5. Bd3 dxe4 6. Bxe4 Nf6 7. Bc2 c5 8. Nf3
b6 9. O-O Bb7 10. Ba4+ Nbd7 11. dxc5 Bxc5 12. Ne5 Ke7 13. Nxd7 Nxd7 14. Bg5+ f6
15. Qe2 Qc8 16. Rfe1 Nf8 17. Bh4 g5 18. Bg3 Bc6 19. Nd5+ Bxd5 20. cxd5 h5 21.
d6+ Kd8 22. Qf3 Nd7 23. Rxe6 g4 24. Qf5 Rf8 25. Re7 Ne5 26. Re8+ 1-0

[Event "4NCL Congress"]
[Site "Harrogate ENG"]
[Date "2022.12.19"]
[Round "2.4"]
[White "Plotkin, Mark"]
[Black "Quesada Perez, Yuniesky"]
[Result "1/2-1/2"]
[WhiteElo "2369"]
[BlackElo "2583"]
[PlyCount "110"]
[EventDate "2022.01.21"]
[EventType "swiss"]
[EventRounds "5"]
[EventCountry "ENG"]
[Source "ChessMix"]
[SourceDate "2023.01.01"]

1. c4 e5 2. Nc3 Bb4 3. Nd5 a5 4. Nf3 d6 5. e3 c6 6. Nxb4 axb4 7. b3 c5 8. Bb2
Nc6 9. d3 f5 10. g3 Nf6 11. Bg2 O-O 12. O-O Bd7 13. Ne1 Qe7 14. Nc2 Na5 15. f4
Rad8 16. fxe5 dxe5 17. d4 exd4 18. exd4 b5 19. Qe1 Ne4 20. dxc5 Bc6 21. Bd4 Qb7
22. Qxb4 Nxg3 23. hxg3 Bxg2 24. Qxb5 Bxf1 25. Qxb7 Nxb7 26. Rxf1 Na5 27. Bc3
Nc6 28. Rf3 Rd1+ 29. Kg2 g5 30. Ne3 Rc1 31. Nd5 f4 32. gxf4 g4 33. Rf2 h5 34.
Bb2 Rd1 35. Nf6+ Kf7 36. Nxh5 Nb4 37. Bc3 Nd3 38. Rd2 Rxd2+ 39. Bxd2 Ra8 40. c6
Ke7 41. a4 Kd6 42. Nf6 Kxc6 43. Nd5 Nc5 44. b4 Ne4 45. b5+ Kb7 46. Be3 Rxa4 47.
c5 Ra2+ 48. Kf1 Rc2 49. c6+ Kb8 50. Bd4 Nd2+ 51. Kg2 Ne4+ 52. Kg1 Rc1+ 53. Kg2
Rc2+ 54. Kg1 Rc1+ 55. Kg2 Rc2+ 1/2-1/2

[Event "4NCL Congress"]
[Site "Harrogate ENG"]
[Date "2022.12.19"]
[Round "3.8"]
[White "Burke, John M"]
[Black "Plotkin, Mark"]
[Result "1-0"]
[WhiteElo "2580"]
[BlackElo "2369"]
[PlyCount "125"]
[EventDate "2022.01.21"]
[EventType "swiss"]
[EventRounds "5"]
[EventCountry "ENG"]
[Source "ChessMix"]
[SourceDate "2023.01.01"]

1. e4 e5 2. Nf3 Nc6 3. Bc4 d6 4. O-O g6 5. d4 exd4 6. c3 d3 7. Bg5 f6 8. Be3
Nh6 9. Qxd3 Qe7 10. Bd5 Nf7 11. Nd4 Nce5 12. Qe2 c6 13. Bb3 Bg7 14. h3 c5 15.
Nc2 O-O 16. Bf4 f5 17. Nd2 Kh8 18. Ne3 g5 19. Bxe5 Qxe5 20. exf5 Bxf5 21. Qf3
Bd3 22. Rfe1 Qf4 23. Qxf4 gxf4 24. Nd5 Ne5 25. Ne4 f3 26. Nc7 Bxe4 27. Rxe4
Rac8 28. Ne6 Rf6 29. Nxg7 Kxg7 30. g3 c4 31. Bc2 Rc6 32. Kf1 Rb6 33. b4 cxb3
34. axb3 Rc6 35. Re3 a6 36. Ke1 Rh6 37. h4 Rf6 38. Ra4 h5 39. Rf4 Rxf4 40. gxf4
Ng6 41. Rxf3 Nxh4 42. Rg3+ Kf6 43. Be4 Rc7 44. Kd2 Re7 45. Bd3 Rg7 46. Be4 Re7
47. Bc2 Rg7 48. Rd3 Ke7 49. Rh3 Rg4 50. f3 Rg2+ 51. Kc1 Rg1+ 52. Kb2 Ng2 53.
Rxh5 Ne3 54. Be4 b6 55. Rh7+ Ke6 56. Rh6+ Kd7 57. f5 Rg2+ 58. Ka3 Nd1 59. Rh7+
Kd8 60. Kb4 Ne3 61. f6 Rg8 62. Ra7 Rf8 63. Ra8+ 1-0

[Event "4NCL Congress"]
[Site "Harrogate ENG"]
[Date "2022.12.20"]
[Round "4.21"]
[White "Zhurbinsky, David"]
[Black "Plotkin, Mark"]
[Result "0-1"]
[WhiteElo "2059"]
[BlackElo "2369"]
[PlyCount "60"]
[EventDate "2022.01.21"]
[EventType "swiss"]
[EventRounds "5"]
[EventCountry "ENG"]
[Source "ChessMix"]
[SourceDate "2023.01.01"]

1. e4 c5 2. Nf3 Nc6 3. c4 e5 4. Nc3 d6 5. a3 f5 6. d3 Nf6 7. Rb1 a5 8. Be2 Be7
9. O-O O-O 10. Bd2 fxe4 11. dxe4 Nd4 12. b4 axb4 13. axb4 cxb4 14. Nd5 Nxe2+
15. Qxe2 Nxd5 16. cxd5 Bg4 17. Rxb4 Bxf3 18. gxf3 Ra2 19. Kh1 Qc8 20. Qe3 h6
21. Rc1 Qd7 22. f4 exf4 23. Qd3 f3 24. Rg1 Bf6 25. Be3 Qh3 26. Bd4 Rxf2 27.
Bxf2 Be5 28. Bg3 f2 29. Rbb1 fxg1=Q+ 30. Rxg1 Rf2 0-1

[Event "4NCL Congress"]
[Site "Harrogate ENG"]
[Date "2022.12.20"]
[Round "5.12"]
[White "Plotkin, Mark"]
[Black "Grinberg, Eyal"]
[Result "0-1"]
[WhiteElo "2369"]
[BlackElo "2491"]
[PlyCount "72"]
[EventDate "2022.01.21"]
[EventType "swiss"]
[EventRounds "5"]
[EventCountry "ENG"]
[Source "ChessMix"]
[SourceDate "2023.01.01"]

1. c4 c5 2. Nc3 Nc6 3. g3 g6 4. Bg2 Bg7 5. d3 d6 6. Qd2 e5 7. b3 Nge7 8. Bb2
Be6 9. h4 h6 10. Rc1 O-O 11. e3 d5 12. cxd5 Nxd5 13. Nge2 Ndb4 14. Rd1 Qd7 15.
a3 Nd5 16. O-O Rfd8 17. Kh2 Rac8 18. Ne4 b6 19. Qc2 f5 20. Nd2 f4 21. gxf4 exf4
22. Bxg7 Qxg7 23. Bxd5 Bxd5 24. Nxf4 Qf6 25. Kg3 Ne7 26. e4 Bf7 27. Nc4 Nc6 28.
Qe2 Nd4 29. Qg4 Rf8 30. e5 Qxf4+ 31. Kxf4 Be6+ 32. Kg3 Bxg4 33. Kxg4 Rf3 34.
Nd2 h5+ 35. Kg5 Kg7 36. Nxf3 Ne6# 0-1

[Event "4NCL Congress"]
[Site "Harrogate ENG"]
[Date "2022.12.21"]
[Round "6.20"]
[White "Aaron, Deepak"]
[Black "Plotkin, Mark"]
[Result "0-1"]
[WhiteElo "2305"]
[BlackElo "2369"]
[PlyCount "72"]
[EventDate "2022.01.21"]
[EventType "swiss"]
[EventRounds "5"]
[EventCountry "ENG"]
[Source "ChessMix"]
[SourceDate "2023.01.01"]

1. c4 f5 2. d4 Nf6 3. Nf3 e6 4. h4 d5 5. Nc3 c6 6. h5 Bd6 7. Qc2 O-O 8. Bg5 h6
9. Bd2 Ng4 10. e3 a6 11. g3 Nd7 12. Nh2 Ngf6 13. Be2 Ne4 14. Rg1 Ndf6 15. Nxe4
Nxe4 16. c5 Bc7 17. f4 b6 18. Bd3 bxc5 19. Bxe4 dxe4 20. dxc5 a5 21. O-O-O Ba6
22. g4 Bd3 23. Qc3 Qd5 24. gxf5 e5 25. Qa3 exf4 26. Bc3 Rf7 27. Ng4 Kh7 28. f6
fxe3 29. fxg7 e2 30. Rde1 Qc4 31. Ne3 Bf4 32. Kd2 Rd7 33. g8=Q+ Rxg8 34. Rxg8
Bb1+ 35. Kc1 Bxe3+ 36. Kxb1 Qd3+ 0-1

[Event "Titled Tuesday 2022.01.11"]
[Site "chess.com INT"]
[Date "2022.01.11"]
[Round "2"]
[White "Plotkin, Mark"]
[Black "Hoffmann, As"]
[Result "1-0"]
[WhiteElo "2400"]
[BlackElo "2185"]
[PlyCount "49"]
[EventDate "2022.01.11"]
[EventType "swiss (blitz)"]
[EventRounds "11"]
[EventCountry "NET"]
[Source "Mark Crowther"]
[SourceDate "2022.01.17"]

1. c4 Nf6 2. Nc3 d6 3. g3 c6 4. Bg2 e5 5. Nf3 Be6 6. d4 e4 7. Ng5 d5 8. Nxe6
fxe6 9. O-O Be7 10. Qb3 Qb6 11. c5 Qxb3 12. axb3 a6 13. b4 Nbd7 14. b5 e5 15.
e3 O-O 16. bxa6 bxa6 17. Bd2 Rfb8 18. Ra2 Ne8 19. Rfa1 Nc7 20. Ne2 Bf6 21. b4
Rb5 22. Bc3 Rab8 23. Bh3 Nf8 24. dxe5 Be7 25. Nd4 1-0

[Event "Titled Tuesday 2022.01.11"]
[Site "chess.com INT"]
[Date "2022.01.11"]
[Round "3"]
[White "Martin Carmona, Gaston Manuel"]
[Black "Plotkin, Mark"]
[Result "0-1"]
[WhiteElo "2362"]
[BlackElo "2400"]
[PlyCount "134"]
[EventDate "2022.01.11"]
[EventType "swiss (blitz)"]
[EventRounds "11"]
[EventCountry "NET"]
[Source "Mark Crowther"]
[SourceDate "2022.01.17"]

1. e4 c5 2. Nf3 Nc6 3. d4 cxd4 4. Nxd4 Nf6 5. Nc3 e6 6. Ndb5 d6 7. Bf4 e5 8.
Bg5 a6 9. Na3 b5 10. Nd5 Be7 11. Bxf6 Bxf6 12. c4 b4 13. Nc2 O-O 14. g3 Rb8 15.
Bg2 Bg5 16. Qd3 Bh6 17. O-O Be6 18. Rad1 Qa5 19. b3 Qc5 20. h4 a5 21. Kh2 a4
22. Bh3 axb3 23. axb3 Ra8 24. Bxe6 fxe6 25. Nde3 Bxe3 26. fxe3 Rxf1 27. Rxf1
Rf8 28. Rd1 Rd8 29. Ra1 Ne7 30. Ra6 Nc6 31. Qd2 g6 32. Kh3 Kg7 33. Ra4 Rb8 34.
Ra1 Rb7 35. Ra8 Rd7 36. Re8 Kf7 37. Rh8 Kg7 38. Rc8 Qb6 39. Qe2 Rd8 40. Rxd8
Qxd8 41. Qd2 Qb8 42. c5 Na5 43. cxd6 Nxb3 44. Qxb4 Qf8 45. Qb7+ Kh6 46. Kg2 Nd2
47. Qb5 Qf3+ 48. Kh2 Nf1+ 49. Kg1 Nxg3 50. d7 Ne2+ 51. Qxe2 Qxe2 52. d8=Q Qxc2
53. Qg5+ Kg7 54. Qxe5+ Kf7 55. Qf4+ Ke7 56. Qg5+ Kd7 57. Qf4 Qd1+ 58. Kg2 Qd6
59. e5 Qc6+ 60. Kg3 Qd5 61. Qf7+ Kc6 62. Qf4 Kc5 63. Kg4 Qg2+ 64. Qg3 Qxg3+ 65.
Kxg3 Kd5 66. Kf4 h6 67. e4+ Kd4 0-1

[Event "Titled Tuesday 2022.01.11"]
[Site "chess.com INT"]
[Date "2022.01.11"]
[Round "4"]
[White "Plotkin, Mark"]
[Black "Al Tarbosh, Ward"]
[Result "1-0"]
[WhiteElo "2400"]
[BlackElo "2221"]
[PlyCount "133"]
[EventDate "2022.01.11"]
[EventType "swiss (blitz)"]
[EventRounds "11"]
[EventCountry "NET"]
[Source "Mark Crowther"]
[SourceDate "2022.01.17"]

1. e4 e6 2. d4 d5 3. e5 c5 4. Nf3 cxd4 5. Bd3 Nc6 6. a3 Qc7 7. Qe2 Nge7 8. Bf4
Ng6 9. Bg3 a5 10. Nbd2 a4 11. h4 Bc5 12. h5 Nge7 13. h6 g6 14. Ng5 Nf5 15. Bf4
Qe7 16. Ndf3 Qf8 17. g4 Nfe7 18. Kf1 Bd7 19. Kg2 f5 20. exf6 Qxf6 21. Bg3 O-O
22. Rae1 e5 23. Nxe5 Nxe5 24. Qxe5 Bxg4 25. Qxf6 Rxf6 26. Re5 Bd6 27. Ree1 Bxg3
28. Kxg3 Nf5+ 29. Kxg4 Raf8 30. Re6 Nxh6+ 31. Rxh6 Rxf2 32. Bxg6 Rg2+ 33. Kh3
Rxg5 34. Bxh7+ Kg7 35. Bd3 Rf3+ 36. Kh4 Rfg3 37. Rh7+ Kf8 38. Rf6+ Kg8 39. Rf4
Rg1 40. Rhf7 R5g4+ 41. Rxg4+ Rxg4+ 42. Kxg4 Kxf7 43. Kf5 Ke7 44. Ke5 Kd7 45.
Kxd5 Kc7 46. Kxd4 Kb6 47. Kc4 Ka5 48. b4+ axb3 49. Kxb3 b5 50. Bxb5 Kxb5 51.
c4+ Kc5 52. Kc3 Kb6 53. Kb4 Kc6 54. a4 Kb6 55. a5+ Ka6 56. c5 Kb7 57. Kb5 Kc7
58. c6 Kb8 59. Kb6 Ka8 60. Kc7 Ka7 61. Kd7 Kb8 62. c7+ Ka7 63. Kc6 Ka6 64.
c8=Q+ Kxa5 65. Qb8 Ka4 66. Qb2 Ka5 67. Qa3# 1-0

[Event "Riga Tech op-A"]
[Site "Riga LAT"]
[Date "2021.08.11"]
[Round "4.28"]
[White "Juknis, Paulius"]
[Black "Plotkin, Mark"]
[Result "0-1"]
[WhiteElo "2172"]
[BlackElo "2430"]
[PlyCount "118"]
[EventDate "2021.08.09"]
[EventType "swiss"]
[EventRounds "9"]
[EventCountry "LAT"]
[Source "ChessMix"]
[SourceDate "2018.11.10"]

1. c4 Nf6 2. Nc3 d5 3. cxd5 Nxd5 4. g3 g6 5. Bg2 Nb6 6. d3 Bg7 7. Be3 Nc6 8.
Nf3 O-O 9. Qd2 Nd4 10. Nxd4 Bxd4 11. Bh6 Re8 12. h4 c6 13. h5 Nd5 14. e3 Be5
15. d4 Nxc3 16. bxc3 Bf6 17. f4 c5 18. hxg6 hxg6 19. Be4 Qa5 20. Qd3 cxd4 21.
exd4 Bf5 22. Bxf5 Qxf5 23. Qxf5 gxf5 24. Kd2 Kh7 25. Bg5+ Kg7 26. Bxf6+ Kxf6
27. Rab1 b6 28. a4 Rg8 29. Rh3 e6 30. a5 bxa5 31. Ra1 Rab8 32. Rxa5 Rb2+ 33.
Kd3 Rg2 34. Rxa7 R8xg3+ 35. Rxg3 Rxg3+ 36. Kd2 Rf3 37. c4 Rxf4 38. Ke3 Re4+ 39.
Kd3 Re1 40. Kd2 Rh1 41. d5 Rh4 42. Kd3 e5 43. Ra6+ Kg5 44. d6 Rd4+ 45. Kc3 f4
46. c5 f3 47. Ra2 Rd5 48. Kc4 Rd1 49. Kc3 Kf6 50. Rd2 Rxd2 51. Kxd2 Ke6 52. Ke3
e4 53. Kf2 f5 54. Ke3 f4+ 55. Kf2 Kd7 56. Ke1 e3 57. Kf1 f2 58. Ke2 f3+ 59. Kf1
Kc6 0-1

[Event "Riga Tech op-A"]
[Site "Riga LAT"]
[Date "2021.08.12"]
[Round "5.13"]
[White "Plotkin, Mark"]
[Black "Meshkovs, Nikita"]
[Result "0-1"]
[WhiteElo "2430"]
[BlackElo "2568"]
[PlyCount "74"]
[EventDate "2021.08.09"]
[EventType "swiss"]
[EventRounds "9"]
[EventCountry "LAT"]
[Source "ChessMix"]
[SourceDate "2018.11.10"]

1. d4 Nf6 2. c4 c5 3. e3 g6 4. Nf3 Bg7 5. Be2 O-O 6. O-O cxd4 7. exd4 d5 8. h3
Nc6 9. Nc3 Bf5 10. Be3 dxc4 11. Bxc4 Rc8 12. a3 Ne4 13. Rc1 Nxc3 14. Rxc3 Be4
15. Be2 Qd7 16. Qa4 Rcd8 17. Rd1 Bxf3 18. Bxf3 Nxd4 19. Qxd7 Rxd7 20. Kf1 Rfd8
21. Be4 b6 22. Bb1 Ne6 23. Rxd7 Rxd7 24. Rc8+ Nf8 25. Be4 Bxb2 26. Bc6 Rd6 27.
Bf4 Rd3 28. a4 Kg7 29. Bb5 Ra3 30. Rc4 e5 31. Be3 Ne6 32. Bd7 Kf6 33. g4 Rc3
34. Rb4 Bc1 35. Ke2 Bxe3 36. fxe3 Nc5 37. Bb5 Kg5 0-1

[Event "Riga Tech op-A"]
[Site "Riga LAT"]
[Date "2021.08.15"]
[Round "9.28"]
[White "Plotkin, Mark"]
[Black "Andrejevs, Arvids"]
[Result "0-1"]
[WhiteElo "2430"]
[BlackElo "2204"]
[PlyCount "62"]
[EventDate "2021.08.09"]
[EventType "swiss"]
[EventRounds "9"]
[EventCountry "LAT"]
[Source "ChessMix"]
[SourceDate "2018.11.10"]

1. Nf3 d5 2. g3 Nf6 3. Bg2 e6 4. O-O Be7 5. d3 O-O 6. Nbd2 c5 7. e4 Nc6 8. Re1
Qc7 9. Qe2 Rd8 10. e5 Nd7 11. Nf1 b5 12. h4 Ba6 13. Bf4 Rac8 14. N1h2 Nd4 15.
Nxd4 cxd4 16. Rac1 Qb6 17. Bg5 Bxg5 18. hxg5 Rc6 19. Qh5 Rdc8 20. Ng4 Rxc2 21.
Rxc2 Rxc2 22. b4 Qc6 23. Kh2 Qc3 24. Rd1 Qxb4 25. Rh1 Qd2 26. Bf1 b4 27. Rg1
Bxd3 28. Bg2 Bf5 29. Nh6+ gxh6 30. gxh6 Nxe5 31. Rd1 Qxh6 0-1

[Event "Riga Tech Rapid op"]
[Site "Riga LAT"]
[Date "2021.08.08"]
[Round "2.26"]
[White "Mierins, Emils Janis"]
[Black "Plotkin, Mark"]
[Result "0-1"]
[WhiteElo "1822"]
[BlackElo "2430"]
[PlyCount "198"]
[EventDate "2021.08.08"]
[EventType "swiss (rapid)"]
[EventRounds "9"]
[EventCountry "LAT"]
[Source "Mark Crowther"]
[SourceDate "2021.08.10"]

1. e4 e5 2. Nf3 Nc6 3. Bb5 a6 4. Ba4 Nf6 5. O-O Be7 6. Re1 b5 7. Bb3 O-O 8. c3
d6 9. h3 Na5 10. Bc2 c5 11. d4 Qc7 12. Nbd2 Re8 13. d5 c4 14. Nf1 g6 15. g4 h5
16. N3h2 Nb7 17. Ng3 h4 18. Ngf1 Nc5 19. f4 exf4 20. Bxf4 Bf8 21. Nd2 Bb7 22.
Qf3 Nfd7 23. Qf2 Ne5 24. Bxe5 Rxe5 25. Nhf3 Bh6 26. Nxe5 dxe5 27. Nf3 g5 28.
Rf1 f6 29. Ne1 Rf8 30. Ng2 Rf7 31. Ne3 Bf8 32. Kg2 Nd7 33. Qf5 Bc8 34. Qg6+ Rg7
35. Qe8 Re7 36. Qg6+ Rg7 37. Qf5 Rf7 38. Qf3 Nb6 39. a4 Bd7 40. axb5 Bxb5 41.
Nf5 Nc8 42. Ba4 Qb6 43. Bxb5 Qxb5 44. Rf2 a5 45. Qd1 Nb6 46. Qd2 a4 47. Ne3 Bc5
48. Raf1 Kg7 49. Nf5+ Kh7 50. Rf3 Rb7 51. Nxh4 Nd7 52. Nf5 Qxb2 53. Qxb2 Rxb2+
54. Kh1 a3 55. Ra1 a2 56. Rff1 Kg6 57. Rad1 Re2 58. Ra1 Ba3 59. Rfd1 Rc2 60. d6
Kf7 61. Ne3 Rxc3 62. Nd5 Rc2 63. Nc7 Bb4 64. Nb5 c3 65. Rdc1 Re2 66. Nxc3 Bxc3
67. Rxc3 Rb2 68. Rcc1 Ke6 69. Rd1 Nc5 70. Rac1 Nd7 71. Ra1 Nb6 72. Rac1 Kd7 73.
Rc7+ Kd8 74. Rcc1 Nd7 75. Rf1 Ke8 76. Rfd1 Nb6 77. Kg1 Kd7 78. Rc7+ Kd8 79.
Rcc1 Nd7 80. Rf1 Rd2 81. Rfd1 Re2 82. Ra1 Nc5 83. Rac1 Nb3 84. Rc3 a1=Q 85.
Rxa1 Nxa1 86. Rf3 Rxe4 87. Rxf6 Kd7 88. Rg6 Nc2 89. Kf2 Nd4 90. Rxg5 Kxd6 91.
Rg6+ Kd5 92. h4 Rf4+ 93. Kg2 e4 94. Rg8 e3 95. Rd8+ Ke5 96. Ra8 Rxg4+ 97. Kf1
e2+ 98. Kf2 Rf4+ 99. Ke3 e1=Q+ 0-1

[Event "Riga Tech Rapid op"]
[Site "Riga LAT"]
[Date "2021.08.08"]
[Round "3.6"]
[White "Plotkin, Mark"]
[Black "Nihal, Sarin"]
[Result "0-1"]
[WhiteElo "2430"]
[BlackElo "2655"]
[PlyCount "50"]
[EventDate "2021.08.08"]
[EventType "swiss (rapid)"]
[EventRounds "9"]
[EventCountry "LAT"]
[Source "Mark Crowther"]
[SourceDate "2021.08.10"]

1. e4 e6 2. d4 d5 3. Nc3 Bb4 4. e5 c5 5. a3 Bxc3+ 6. bxc3 Qc7 7. Qg4 f6 8. Qg3
fxe5 9. Nf3 cxd4 10. cxd4 Qc3+ 11. Kd1 Ne7 12. Rb1 Nf5 13. Qxe5 O-O 14. Rb3 Qa1
15. Rd3 Nc6 16. Qe1 Bd7 17. Ne5 Nxe5 18. Qxe5 Rac8 19. g4 Rxc2 20. Kxc2 Rc8+
21. Kd2 Qxc1+ 22. Ke2 Nh4 23. Rd2 Bb5+ 24. Ke3 Rc3+ 25. Bd3 Rxd3+ 0-1

[Event "Riga Tech Rapid op"]
[Site "Riga LAT"]
[Date "2021.08.08"]
[Round "4.22"]
[White "Zvereva, Margarita"]
[Black "Plotkin, Mark"]
[Result "0-1"]
[WhiteElo "2024"]
[BlackElo "2430"]
[PlyCount "72"]
[EventDate "2021.08.08"]
[EventType "swiss (rapid)"]
[EventRounds "9"]
[EventCountry "LAT"]
[Source "Mark Crowther"]
[SourceDate "2021.08.10"]

1. e4 e5 2. Nf3 Nc6 3. Bc4 Nf6 4. d3 h6 5. Nbd2 g5 6. Nf1 d6 7. Ne3 Bg7 8. c3
a6 9. a4 O-O 10. O-O Ne7 11. Qc2 c6 12. d4 exd4 13. Nxd4 Nxe4 14. Qxe4 d5 15.
Bxd5 cxd5 16. Qd3 f5 17. Nec2 f4 18. f3 Qd6 19. b3 Bd7 20. Ba3 Qf6 21. Rfe1
Rfe8 22. Bxe7 Rxe7 23. Rxe7 Qxe7 24. Re1 Qd6 25. a5 Re8 26. Rxe8+ Bxe8 27. Qe2
Bg6 28. b4 Qc7 29. Qe6+ Kh7 30. Nf5 Bxc3 31. Qxd5 Bf6 32. Qe4 Qd7 33. Ncd4
Bxd4+ 34. Qxd4 Bxf5 35. Qe5 Qd1+ 36. Kf2 Qd2+ 0-1